[Event "EYb14, Budva YUG"]
[Site "?"]
[Date "2003.??.??"]
[Round "4"]
[White "Hrzica, R."]
[Black "Margolin, E."]
[Result "1/2-1/2"]
[WhiteElo "2115"]
[BlackElo "2220"]
[PlyCount "79"]
[EventDate "2003.??.??"]

1. e4 c5 2. d4 cxd4 3. c3 dxc3 4. Nxc3 Nc6 5. Nf3 e6 6. Bc4 Qc7 7. O-O Nf6 8.
Qe2 Ng4 9. Nb5 Qb8 10. h3 h5 11. Be3 Nxe3 12. Qxe3 a6 13. Nc3 Ne5 14. Bb3 Nxf3+
15. Qxf3 Qe5 16. Qd3 g5 17. Rfd1 Bc5 18. Na4 Ba7 19. Rac1 O-O 20. Qf3 h4 21.
Bc2 d6 22. Nc3 Kg7 23. Ne2 Bd7 24. Qg4 Kh6 25. g3 f5 26. exf5 exf5 27. Qf3 Bc6
28. Qd3 Rad8 29. Nd4 hxg3 30. Nxf5+ Rxf5 31. Qxf5 gxf2+ 32. Kf1 Bb5+ 33. Kg2
Bc6+ 34. Kf1 Bb5+ 35. Kg2 Qxf5 36. Bxf5 f1=Q+ 37. Rxf1 Bxf1+ 38. Rxf1 Rf8 39.
Kg3 Bd4 40. Kg4 1/2-1/2

[Event "EYb14, Budva YUG"]
[Site "?"]
[Date "2003.??.??"]
[Round "4"]
[White "Stupak, K."]
[Black "Ostrovskiy, A."]
[Result "0-1"]
[WhiteElo "2160"]
[BlackElo "2075"]
[PlyCount "68"]
[EventDate "2003.??.??"]

1. e4 c5 2. Nc3 Nc6 3. g3 g6 4. Bg2 Bg7 5. d3 e6 6. f4 d6 7. Nf3 Nge7 8. Be3
Nd4 9. O-O O-O 10. Rb1 Rb8 11. Ne2 Nxf3+ 12. Bxf3 b6 13. g4 f5 14. Ng3 d5 15.
gxf5 exf5 16. e5 d4 17. Bd2 Be6 18. a3 Nd5 19. c4 Ne3 20. Bxe3 dxe3 21. Qb3 g5
22. Nh5 gxf4 23. Nxg7 Kxg7 24. Kh1 Qd4 25. Qc3 Rbd8 26. Qxd4 Rxd4 27. Be2 Bd7
28. h4 Bc6+ 29. Kh2 Kf7 30. b4 Rg8 31. Bf3 Bxf3 32. Rxf3 cxb4 33. axb4 Ke6 34.
c5 Kxe5 0-1

[Event "EYb14, Budva YUG"]
[Site "?"]
[Date "2003.??.??"]
[Round "5"]
[White "Margvelashvili, G."]
[Black "Matsenko, S."]
[Result "1-0"]
[WhiteElo "2180"]
[BlackElo "2085"]
[PlyCount "65"]
[EventDate "2003.??.??"]

1. d4 Nf6 2. c4 g6 3. f3 Bg7 4. e4 d6 5. Nc3 O-O 6. Be3 Nc6 7. Nge2 e5 8. Qd2
exd4 9. Nxd4 Re8 10. Be2 Ne5 11. O-O a6 12. Rad1 Bd7 13. b3 Rb8 14. Rfe1 Nc6
15. Nc2 b6 16. Bf1 Be6 17. Nd5 Nd7 18. Ncb4 Nxb4 19. Nxb4 Ra8 20. Nc6 Qc8 21.
Nd4 Qb7 22. Nxe6 fxe6 23. g3 a5 24. f4 e5 25. f5 Nf6 26. Bg5 Qc8 27. Bh3 Qd8
28. Rf1 Rf8 29. fxg6 hxg6 30. Be6+ Kh7 31. Qg2 Qe8 32. Qh3+ Nh5 33. Bd7 1-0

[Event "EYb14, Budva YUG"]
[Site "?"]
[Date "2003.??.??"]
[Round "5"]
[White "Can, E."]
[Black "Figura, A."]
[Result "1-0"]
[WhiteElo "2195"]
[BlackElo "2110"]
[PlyCount "119"]
[EventDate "2003.??.??"]

1. e4 c5 2. Nf3 e6 3. c3 d5 4. exd5 Qxd5 5. d4 Nf6 6. Na3 cxd4 7. Nb5 Na6 8.
Nbxd4 Nc5 9. Be2 Be7 10. O-O O-O 11. Bf4 Qd8 12. Qc2 Nd5 13. Bg3 Bd7 14. Ne5
Be8 15. Rad1 f6 16. Nd3 Qc8 17. Nxc5 Bxc5 18. Qe4 Bxd4 19. Qxd4 Bf7 20. Bf3 e5
21. Qe4 Rd8 22. Rfe1 Rb8 23. Qc2 Qc5 24. a3 b5 25. Rd2 Nb6 26. Red1 Qe7 27.
Rxd8+ Rxd8 28. h4 Rd6 29. h5 g6 30. hxg6 hxg6 31. Be2 a6 32. f3 Qd7 33. Bf2
Rxd1+ 34. Bxd1 Nc4 35. Be2 Kg7 36. Qc1 Qd6 37. Bd1 Be8 38. Bb3 Bc6 39. a4 Qd2
40. Qxd2 Nxd2 41. axb5 axb5 42. Bc2 Bd5 43. Be1 Nc4 44. b3 Nd6 45. Bf2 f5 46.
Kf1 Kf6 47. Ke2 Nb7 48. Bd3 Nd6 49. Bc5 Ke6 50. Bxd6 Kxd6 51. b4 Bc4 52. Bxc4
bxc4 53. Ke3 Kd5 54. f4 Ke6 55. b5 exf4+ 56. Kxf4 Kd5 57. Kg5 Kc5 58. Kxg6 Kxb5
59. Kxf5 Ka4 60. Ke4 1-0

[Event "EYb14, Budva YUG"]
[Site "?"]
[Date "2003.??.??"]
[Round "5"]
[White "Jurcik, Mart"]
[Black "Brener, I."]
[Result "0-1"]
[WhiteElo "2100"]
[BlackElo "2160"]
[PlyCount "56"]
[EventDate "2003.??.??"]

1. d4 Nf6 2. c4 e6 3. g3 d5 4. Nf3 dxc4 5. Qc2 c5 6. Qxc4 Qd5 7. Qc2 Qe4 8. Qb3
cxd4 9. Bg2 Nc6 10. O-O Qd5 11. Qd3 Bc5 12. Nfd2 Qd8 13. Nb3 Bb6 14. Rd1 e5 15.
Qb5 O-O 16. Bxc6 bxc6 17. Qxc6 Bg4 18. Qb5 a6 19. Qc4 Be6 20. Qd3 Qd5 21. f3 e4
22. fxe4 Qh5 23. N1d2 Rfc8 24. Nxd4 Bxd4+ 25. Qxd4 Rd8 26. Qf2 Ng4 27. Qb6
Qxh2+ 28. Kf1 Qxg3 0-1

[Event "EYb14, Budva YUG"]
[Site "?"]
[Date "2003.??.??"]
[Round "5"]
[White "Spoelman, W."]
[Black "Pacher, M."]
[Result "1-0"]
[WhiteElo "2165"]
[BlackElo "2060"]
[PlyCount "27"]
[EventDate "2003.??.??"]

1. e4 d6 2. d4 Nf6 3. Nc3 g6 4. Bg5 Nbd7 5. Qd2 c6 6. f4 b5 7. Bd3 Nb6 8. Nf3
a6 9. O-O Be6 10. f5 Bc4 11. e5 Nfd5 12. Ne4 gxf5 13. Nxd6+ Kd7 14. Nxf7 1-0

[Event "EYb14, Budva YUG"]
[Site "?"]
[Date "2003.??.??"]
[Round "5"]
[White "Bindrich, F."]
[Black "Berczes, D."]
[Result "1-0"]
[WhiteElo "2330"]
[BlackElo "2390"]
[PlyCount "93"]
[EventDate "2003.??.??"]

1. e4 c5 2. Nf3 d6 3. d4 cxd4 4. Nxd4 Nf6 5. Nc3 a6 6. Be3 Ng4 7. Bg5 h6 8. Bh4
g5 9. Be2 Bg7 10. Bg3 h5 11. Bxg4 Bxg4 12. f3 Bd7 13. Bf2 Nc6 14. O-O Ne5 15.
Nde2 Bc6 16. b3 h4 17. h3 b5 18. Qd2 e6 19. Rad1 Bf8 20. Nd4 Bd7 21. Be3 Be7
22. Nce2 Rg8 23. Kh1 Bc8 24. Qe1 Bb7 25. Bd2 Qd7 26. Nc3 Rc8 27. a4 b4 28. Na2
a5 29. Qe2 Ra8 30. c3 Ba6 31. Nb5 Bxb5 32. axb5 bxc3 33. Nxc3 Rb8 34. Be3 Qb7
35. Ra1 Bd8 36. Rfd1 Bc7 37. Qd2 f6 38. Rac1 Kf7 39. Na4 Nd7 40. Rc6 Ne5 41.
Rc2 Bd8 42. b6 Nd7 43. Qxd6 Nxb6 44. Nxb6 Bxb6 45. Rc6 Bd8 46. Qxe6+ Kf8 47.
Rd7 1-0

[Event "EYb14, Budva YUG"]
[Site "?"]
[Date "2003.??.??"]
[Round "5"]
[White "Sharafiev, A."]
[Black "Andreikin, D."]
[Result "0-1"]
[WhiteElo "2255"]
[BlackElo "2400"]
[PlyCount "82"]
[EventDate "2003.??.??"]

1. e4 c5 2. Nf3 e6 3. d3 Nc6 4. g3 g6 5. d4 Bg7 6. dxc5 Nf6 7. Nc3 Qa5 8. Nd2
Qxc5 9. Nb3 Qe7 10. Bf4 d5 11. Bg2 O-O 12. O-O Rd8 13. exd5 exd5 14. Bg5 Be6
15. Re1 h6 16. Be3 Ne4 17. Nxe4 dxe4 18. Qc1 f5 19. Bxh6 Rac8 20. Bxg7 Kxg7 21.
Rd1 Bxb3 22. Rxd8 Qxd8 23. cxb3 Nd4 24. Qf1 Rc2 25. Rd1 Qb6 26. h4 Qc5 27. Qe1
Rxb2 28. Qe3 Ne2+ 29. Kh2 Qxe3 30. Rd7+ Kf6 31. fxe3 Nc3 32. Rd6+ Kf7 33. Kg1
Rxa2 34. Rd7+ Ke6 35. Rxb7 Nd5 36. Bf1 Nxe3 37. Bc4+ Ke5 38. Kh1 Nxc4 39. bxc4
Kd4 40. Rg7 e3 41. Kg1 Ra1+ 0-1

[Event "EYb14, Budva YUG"]
[Site "?"]
[Date "2003.??.??"]
[Round "5"]
[White "Sanikidze, T."]
[Black "Rodshtein, M."]
[Result "1/2-1/2"]
[WhiteElo "2250"]
[BlackElo "2340"]
[PlyCount "84"]
[EventDate "2003.??.??"]

1. e4 e6 2. d4 d5 3. Nc3 Bb4 4. e5 c5 5. a3 Bxc3+ 6. bxc3 Qa5 7. Bd2 Qa4 8. Nf3
Nc6 9. dxc5 f6 10. exf6 Nxf6 11. c4 O-O 12. c3 Qa5 13. cxd5 exd5 14. c4 Qxc5
15. Be3 Re8 16. Be2 Rxe3 17. fxe3 dxc4 18. Nd4 Bd7 19. O-O Re8 20. Rc1 b5 21.
Kh1 a6 22. a4 Ne5 23. axb5 axb5 24. Nc2 Bc6 25. Qd4 Qe7 26. Ra1 Qb7 27. Ne1 Re7
28. h3 Ne4 29. Kg1 h6 30. Bf3 Nxf3+ 31. Nxf3 Qc7 32. Ra6 Bb7 33. Ra7 Nc5 34.
Nh4 Qb6 35. Rxb7 Rxb7 36. Qd5+ Ne6 37. Ng6 c3 38. Kh1 c2 39. Qf5 Rc7 40. Rc1
Qxe3 41. Rxc2 Rxc2 42. Ne7+ Kh8 1/2-1/2

[Event "EYb14, Budva YUG"]
[Site "?"]
[Date "2003.??.??"]
[Round "5"]
[White "Andriasian, Z."]
[Black "Bitalzadeh, A."]
[Result "1-0"]
[WhiteElo "2310"]
[BlackElo "2180"]
[PlyCount "111"]
[EventDate "2003.??.??"]

1. e4 c5 2. Nf3 d6 3. d4 cxd4 4. Nxd4 Nf6 5. Nc3 g6 6. Be3 Bg7 7. f3 Nc6 8. Qd2
O-O 9. O-O-O d5 10. exd5 Nxd5 11. Nxc6 bxc6 12. Bd4 e5 13. Bc5 Be6 14. Ne4 Re8
15. g4 Nf4 16. Qxd8 Raxd8 17. Ba6 Bd5 18. Rhf1 Ne6 19. Be3 f5 20. gxf5 gxf5 21.
Nc3 f4 22. Bg1 Kf7 23. Bb7 Rd7 24. Nxd5 Rxb7 25. Nc3 Kg6 26. Ne4 Rc7 27. Bf2
Bf8 28. Rg1+ Kf7 29. Rg4 Be7 30. c3 Rg8 31. Rxg8 Kxg8 32. Re1 Kg7 33. Kc2 Kg6
34. Rg1+ Kf7 35. a4 h6 36. Re1 Kg6 37. Rg1+ Kf7 38. h4 Ng7 39. b4 Nf5 40. h5
Bh4 41. Bc5 Bg3 42. a5 Ke6 43. a6 Rg7 44. Kd3 Nh4 45. Ke2 Kd5 46. Bf8 Rc7 47.
Nxg3 fxg3 48. Rxg3 Nf5 49. Rg4 Rf7 50. Bc5 Ng7 51. c4+ Ke6 52. Rg6+ Kf5 53.
Rxh6 Ne6 54. Be3 Rg7 55. Kf2 c5 56. b5 1-0

[Event "EYb14, Budva YUG"]
[Site "?"]
[Date "2003.??.??"]
[Round "5"]
[White "Stojanovski, S."]
[Black "Dragicevic, Draz"]
[Result "0-1"]
[WhiteElo "2210"]
[BlackElo "2050"]
[PlyCount "78"]
[EventDate "2003.??.??"]

1. e4 c5 2. Nf3 Nc6 3. d4 cxd4 4. Nxd4 Nf6 5. Nc3 e5 6. Ndb5 d6 7. Bg5 a6 8.
Na3 b5 9. Bxf6 gxf6 10. Nd5 f5 11. exf5 Bxf5 12. c3 Bg7 13. Nc2 O-O 14. Be2 Be6
15. O-O f5 16. Qd2 Ra7 17. Rfd1 Rd7 18. Ncb4 Nxb4 19. Nxb4 Qb6 20. Qc2 d5 21.
a4 a5 22. Nd3 f4 23. Bf1 e4 24. Nc1 bxa4 25. Rxa4 Rc7 26. Qb3 Rb8 27. Qxb6 Rxb6
28. Rd2 Rcb7 29. Ne2 Be5 30. Nd4 Bxd4 31. Rdxd4 Rxb2 32. Rxa5 Rb1 33. Ra8+ Kf7
34. Rda4 Rc1 35. R8a7 Rxa7 36. Rxa7+ Kg6 37. Ra3 d4 38. Ra4 e3 39. cxd4 e2 0-1

[Event "EYb14, Budva YUG"]
[Site "?"]
[Date "2003.??.??"]
[Round "5"]
[White "Lapenna, A."]
[Black "Nestorovic, DN."]
[Result "1/2-1/2"]
[WhiteElo "2045"]
[BlackElo "2140"]
[PlyCount "65"]
[EventDate "2003.??.??"]

1. e4 c5 2. Nf3 e6 3. d4 cxd4 4. Nxd4 a6 5. c4 Qc7 6. Nc3 Nf6 7. Be3 Bb4 8. Bd3
Bxc3+ 9. bxc3 d6 10. f3 Nbd7 11. O-O b6 12. Kh1 Bb7 13. Bg1 O-O 14. Nc2 Ne5 15.
Ne3 Nfd7 16. Be2 Nc5 17. Qc2 Bc6 18. Rab1 Rfb8 19. Qd2 Rd8 20. Bd1 b5 21. Be2
Rab8 22. cxb5 axb5 23. c4 bxc4 24. Nxc4 Ng6 25. Na5 Ba8 26. Rfc1 Rxb1 27. Rxb1
Qe7 28. Qc2 Nf4 29. Bb5 Rc8 30. Ba6 Rd8 31. Bb5 Rc8 32. Ba6 Rd8 33. Bb5 1/2-1/2

[Event "EYb14, Budva YUG"]
[Site "?"]
[Date "2003.??.??"]
[Round "5"]
[White "Chernobay, A."]
[Black "Vernay, C."]
[Result "1-0"]
[WhiteElo "2260"]
[BlackElo "2095"]
[PlyCount "67"]
[EventDate "2003.??.??"]

1. e4 e6 2. d4 d5 3. Nc3 Nf6 4. Bg5 Bb4 5. e5 h6 6. Bd2 Bxc3 7. bxc3 Ne4 8. Qg4
g6 9. Bd3 Nxd2 10. Kxd2 c5 11. Nf3 Qa5 12. h4 Nc6 13. Qf4 cxd4 14. Nxd4 Nxd4
15. Qxd4 b6 16. h5 g5 17. Rh3 Bd7 18. Rf3 Rc8 19. Rf6 Bb5 20. a4 Bc4 21. f4
gxf4 22. Rxf4 Rc7 23. Raf1 Rg8 24. Rg4 Rf8 25. Rg7 Qxa4 26. Rf6 Qc6 27. Rxh6 a5
28. Rf6 Bxd3 29. Qxd3 Kd8 30. h6 Qe8 31. h7 Rh8 32. Qg3 Rxh7 33. Rxh7 Kc8 34.
Qf3 1-0

[Event "EYb14, Budva YUG"]
[Site "?"]
[Date "2003.??.??"]
[Round "5"]
[White "Bronowicki, M."]
[Black "Beck, F."]
[Result "1-0"]
[WhiteElo "2145"]
[BlackElo "2085"]
[PlyCount "115"]
[EventDate "2003.??.??"]

1. d4 Nf6 2. c4 c5 3. d5 b5 4. cxb5 a6 5. bxa6 Bxa6 6. Nc3 d6 7. g3 g6 8. Bg2
Bg7 9. Nf3 O-O 10. Rb1 Nbd7 11. O-O Qc7 12. Qc2 Rfb8 13. b3 Rb7 14. Bd2 Rab8
15. a4 c4 16. b4 Rxb4 17. Rxb4 Rxb4 18. Nb5 Rxb5 19. axb5 Bxb5 20. Nd4 Ba6 21.
Nc6 Bf8 22. Ba5 Qc8 23. Rb1 Kg7 24. e4 Ne5 25. Rb8 Qd7 26. Nxe5 dxe5 27. Rb6
Qa7 28. Qc3 Nd7 29. Rc6 Bb5 30. Rc7 Qa6 31. Bf1 e6 32. dxe6 Qxe6 33. Bxc4 Bxc4
34. Qxc4 Qd6 35. Bb4 Qxb4 36. Qxb4 Bxb4 37. Rxd7 Bc5 38. Kf1 Kf6 39. Ke2 Ke6
40. Rb7 h5 41. Rb2 f5 42. Kd3 Bd4 43. Ra2 Kf6 44. Ra6+ Kg5 45. h4+ Kg4 46.
Rxg6+ Kf3 47. exf5 Bxf2 48. Re6 Kxg3 49. f6 Kxh4 50. f7 Bc5 51. Re8 Kg3 52.
f8=Q Bxf8 53. Rxf8 h4 54. Ke3 h3 55. Rg8+ Kh2 56. Kf2 Kh1 57. Rg3 h2 58. Ra3
1-0

[Event "EYb14, Budva YUG"]
[Site "?"]
[Date "2003.??.??"]
[Round "5"]
[White "Margolin, E."]
[Black "Golub, D."]
[Result "1-0"]
[WhiteElo "2220"]
[BlackElo "2085"]
[PlyCount "65"]
[EventDate "2003.??.??"]

1. d4 d5 2. Nf3 Nf6 3. c4 e6 4. e3 Be7 5. Nbd2 O-O 6. Bd3 dxc4 7. Nxc4 Nbd7 8.
O-O c5 9. e4 b5 10. Ncd2 c4 11. Bb1 Bb7 12. e5 Nd5 13. Ne4 h6 14. a3 a5 15. Re1
Qc7 16. Qc2 f5 17. exf6 N5xf6 18. Nxf6+ Rxf6 19. Qh7+ Kf8 20. Ne5 Ke8 21. Qxg7
Bf8 22. Qg8 Qd6 23. Bg6+ Ke7 24. Qh7+ Kd8 25. Nf7+ Rxf7 26. Qxf7 Qxd4 27. Be3
Qd5 28. Bb6+ Nxb6 29. Rad1 Bd6 30. Rxd5 Bxd5 31. Be4 Bxe4 32. Rxe4 e5 33. Rg4
1-0

[Event "EYb14, Budva YUG"]
[Site "?"]
[Date "2003.??.??"]
[Round "5"]
[White "Ostrovskiy, A."]
[Black "Potapov, P."]
[Result "0-1"]
[WhiteElo "2075"]
[BlackElo "2210"]
[PlyCount "84"]
[EventDate "2003.??.??"]

1. e4 c5 2. Nf3 Nc6 3. d4 cxd4 4. Nxd4 e5 5. Nb5 d6 6. N1c3 a6 7. Na3 Be7 8.
Nc4 b5 9. Ne3 Nf6 10. Ned5 Bb7 11. Be3 O-O 12. Be2 b4 13. Bb6 Qd7 14. Nxf6+
Bxf6 15. Bg4 Qe8 16. Nd5 Bd8 17. Bc7 Nd4 18. Bxd6 Qc6 19. Bxf8 Nxc2+ 20. Kd2
Nxa1 21. Be7 Qc4 22. Be2 Qxe4 23. Bf3 Qc4 24. b3 Qb5 25. Kc1 Rc8+ 26. Kb1 Bxd5
27. Qxd5 Qxd5 28. Bxd5 Bxe7 29. Kxa1 Rc2 30. Rf1 Rd2 31. Bc4 Bc5 32. Bxa6 Bd4+
33. Kb1 Rb2+ 34. Kc1 Rxa2 35. Bc4 Kf8 36. Kd1 Bxf2 37. Kc1 f6 38. Kb1 Rd2 39.
h3 Bd4 40. g4 Rb2+ 41. Kc1 Rh2 42. Rf3 e4 0-1

[Event "EYb14, Budva YUG"]
[Site "?"]
[Date "2003.??.??"]
[Round "5"]
[White "Nepomniachtchi, I."]
[Black "Siebarth, R."]
[Result "1/2-1/2"]
[WhiteElo "2430"]
[BlackElo "2115"]
[PlyCount "92"]
[EventDate "2003.??.??"]

1. e4 c5 2. Nf3 d6 3. d4 cxd4 4. Nxd4 Nf6 5. Nc3 a6 6. Bg5 e6 7. Qf3 Nbd7 8.
O-O-O Qc7 9. Be2 b5 10. e5 Bb7 11. Qh3 Nxe5 12. Bxf6 gxf6 13. f4 Nc4 14. Bf3 d5
15. f5 e5 16. Nxd5 Bxd5 17. Bxd5 O-O-O 18. Nb3 h5 19. Kb1 Bh6 20. Rhe1 a5 21.
Qf3 Kb8 22. a4 Rc8 23. Re2 Rhd8 24. Rd3 Qb6 25. axb5 a4 26. Bxc4 Rxc4 27. Qf2
Qc7 28. b6 Qe7 29. Rxd8+ Qxd8 30. Na5 Qd1+ 31. Ka2 Rc8 32. Qf3 Qd7 33. c4 Rc5
34. Qc3 Qc8 35. b4 axb3+ 36. Kxb3 Qa6 37. Ra2 Qxb6+ 38. Qb4 Qxb4+ 39. Kxb4 Bf8
40. Nb3 Rd5+ 41. c5 e4 42. Re2 Re5 43. Kc4 Kc7 44. Kd4 Kc6 45. Rxe4 Bxc5+ 46.
Nxc5 Rxc5 1/2-1/2

[Event "EYb14, Budva YUG"]
[Site "?"]
[Date "2003.??.??"]
[Round "6"]
[White "Olszewski, Mi"]
[Black "Bronowicki, M."]
[Result "1-0"]
[WhiteElo "2225"]
[BlackElo "2145"]
[PlyCount "91"]
[EventDate "2003.??.??"]

1. e4 e6 2. d4 d5 3. Nc3 Bb4 4. Nge2 Nf6 5. e5 Nfd7 6. f4 b6 7. a3 Be7 8. g3 c5
9. Bg2 Nc6 10. Be3 Ba6 11. Kf2 g5 12. f5 Bxe2 13. Nxe2 cxd4 14. Nxd4 Nxd4 15.
Bxd4 Bc5 16. Re1 Qe7 17. c3 O-O-O 18. f6 Qe8 19. a4 Bxd4+ 20. cxd4 a6 21. Bf1
Kb7 22. Qb3 Nb8 23. Rac1 Rc8 24. Rc3 Qd7 25. Rec1 Rxc3 26. Qxc3 Rc8 27. Qxc8+
Qxc8 28. Rxc8 Kxc8 29. Bd3 h6 30. Ke3 Kb7 31. b4 Nc6 32. b5 axb5 33. axb5 Nd8
34. Kf3 h5 35. h4 gxh4 36. gxh4 Kc7 37. Kf4 Kd7 38. Kg5 Ke8 39. Kxh5 Kf8 40.
Kg5 Nb7 41. h5 Na5 42. h6 Kg8 43. Bg6 Nb3 44. Bxf7+ Kh8 45. Bxe6 Nxd4 46. Bxd5
1-0

[Event "EYb14, Budva YUG"]
[Site "?"]
[Date "2003.??.??"]
[Round "6"]
[White "Lapcevic, M."]
[Black "Sharafiev, A."]
[Result "1-0"]
[WhiteElo "2115"]
[BlackElo "2255"]
[PlyCount "85"]
[EventDate "2003.??.??"]

1. d4 Nf6 2. c4 g6 3. Nc3 Bg7 4. e4 d6 5. Bg5 c5 6. d5 O-O 7. Qd2 b5 8. cxb5 a6
9. f3 Qb6 10. a4 Nbd7 11. a5 Qb8 12. b6 e6 13. dxe6 fxe6 14. O-O-O d5 15. exd5
Nxd5 16. Nxd5 exd5 17. Qxd5+ Kh8 18. Qd6 Rf5 19. Qxb8 Rxb8 20. Bd8 Nf8 21. Bc7
Bh6+ 22. Kb1 Rb7 23. g4 Rf7 24. Bc4 Be6 25. Bxa6 Rbxc7 26. bxc7 Rxc7 27. Ne2
Ra7 28. Bd3 Rxa5 29. Nc3 Kg8 30. Rhe1 Kf7 31. Kc2 Bf4 32. Ra1 Rxa1 33. Rxa1
Bxh2 34. Ne4 c4 35. Ra7+ Kg8 36. Be2 Bf4 37. Ra4 Kh8 38. Bxc4 Bd7 39. Ra5 Bc7
40. Ra8 Kg7 41. Ra7 Bb6 42. Rb7 Bg1 43. Bb5 1-0

[Event "EYb14, Budva YUG"]
[Site "?"]
[Date "2003.??.??"]
[Round "6"]
[White "Berczes, D."]
[Black "Can, E."]
[Result "1-0"]
[WhiteElo "2390"]
[BlackElo "2195"]
[PlyCount "87"]
[EventDate "2003.??.??"]

1. d4 Nf6 2. c4 e6 3. Nf3 d5 4. Nc3 Nbd7 5. Bg5 Bb4 6. cxd5 exd5 7. Rc1 c6 8.
a3 Bd6 9. e3 O-O 10. Bd3 Re8 11. O-O Nf8 12. Bh4 Bg4 13. b4 a6 14. Na4 Ng6 15.
Bg3 Ne4 16. Nc5 Bxc5 17. bxc5 h5 18. Bxe4 dxe4 19. h3 Bf5 20. Nd2 h4 21. Bh2
Qg5 22. Kh1 Rad8 23. Nc4 Bc8 24. Nd6 Re7 25. Rb1 f5 26. Qd2 Qf6 27. Rb4 b5 28.
Rbb1 Be6 29. a4 Ra8 30. Ra1 Rea7 31. f3 exf3 32. Rxf3 Qg5 33. Qf2 Ne7 34. e4
fxe4 35. Nxe4 Qh5 36. Rf1 Rd7 37. Rf8+ Rxf8 38. Qxf8+ Kh7 39. Be5 Nf5 40. Kh2
Rf7 41. Qe8 Bd5 42. Rf4 Ng3 43. Rxf7 Qxf7 44. Ng5+ 1-0

[Event "EYb14, Budva YUG"]
[Site "?"]
[Date "2003.??.??"]
[Round "6"]
[White "Rodshtein, M."]
[Black "Margvelashvili, G."]
[Result "1/2-1/2"]
[WhiteElo "2340"]
[BlackElo "2180"]
[PlyCount "98"]
[EventDate "2003.??.??"]

1. d4 Nf6 2. c4 g6 3. f3 d5 4. cxd5 Nxd5 5. e4 Nb6 6. Nc3 Bg7 7. Be3 O-O 8. Qd2
Nc6 9. O-O-O f5 10. h4 fxe4 11. h5 gxh5 12. d5 Ne5 13. Bh6 Nec4 14. Qg5 Rf7 15.
Bxc4 Nxc4 16. Rd4 Nd6 17. fxe4 Bg4 18. Bxg7 Rxg7 19. Qe3 e5 20. dxe6 Qe7 21.
Nh3 Qxe6 22. Nf4 Qf7 23. Rf1 Re8 24. Qd3 Qe7 25. Nfd5 Qg5+ 26. Kb1 Rf8 27.
Rxf8+ Kxf8 28. Nxc7 Rxc7 29. Rxd6 Qc5 30. Qd2 Rf7 31. Qh6+ Ke8 32. Rd2 Rf1+ 33.
Kc2 Rf7 34. a3 a5 35. Qd6 Qxd6 36. Rxd6 Rf2+ 37. Rd2 Rxd2+ 38. Kxd2 h4 39. Ke3
h3 40. gxh3 Bxh3 41. Kf4 Be6 42. Kg5 Ke7 43. Ne2 Bf7 44. Nf4 b5 45. e5 Be6 46.
b4 axb4 47. axb4 Bf7 48. Kh6 Bg6 49. Kg7 Bf5 1/2-1/2

[Event "EYb14, Budva YUG"]
[Site "?"]
[Date "2003.??.??"]
[Round "6"]
[White "Krivoborodov, E."]
[Black "Lintchevski, D."]
[Result "1-0"]
[WhiteElo "2295"]
[BlackElo "2130"]
[PlyCount "95"]
[EventDate "2003.??.??"]

1. e4 e5 2. Nf3 Nf6 3. Nc3 Nc6 4. d4 exd4 5. Nxd4 Bb4 6. Nxc6 bxc6 7. Bd3 O-O
8. O-O d5 9. exd5 cxd5 10. Bg5 c6 11. Qf3 h6 12. Bxf6 Qxf6 13. Qxf6 gxf6 14.
Ne2 Bd6 15. Ng3 Rb8 16. b3 Rb4 17. Bf5 Ba6 18. Rfe1 Kh8 19. Bd7 Bb7 20. Rad1
Rd8 21. Re8+ Rxe8 22. Bxe8 Kg8 23. Nf5 Bf8 24. Re1 Bc8 25. c3 Rb8 26. Ng3 Rb6
27. Nh5 c5 28. Re3 Bf5 29. Rg3+ Bg6 30. Nf4 Bd6 31. Nxd5 Bxg3 32. Nxb6 Bxh2+
33. Kxh2 axb6 34. Bb5 Kf8 35. Kg3 Ke7 36. Kf4 Kd6 37. a4 Bc2 38. Bc4 Ke7 39.
Ke3 f5 40. f3 Bb1 41. Bd3 Ba2 42. Bc2 Kd6 43. c4 f4+ 44. Kd3 Ke5 45. Kc3 h5 46.
Kb2 Kd4 47. Kxa2 Ke3 48. Bf5 1-0

[Event "EYb14, Budva YUG"]
[Site "?"]
[Date "2003.??.??"]
[Round "6"]
[White "Potapov, P."]
[Black "Sanikidze, T."]
[Result "1/2-1/2"]
[WhiteElo "2210"]
[BlackElo "2250"]
[PlyCount "110"]
[EventDate "2003.??.??"]

1. e4 e5 2. Nf3 Nc6 3. Bb5 a6 4. Ba4 Nf6 5. d4 exd4 6. O-O Be7 7. e5 Ne4 8.
Nxd4 O-O 9. Nf5 d5 10. Nxe7+ Nxe7 11. c3 c6 12. Nd2 Ng6 13. Nxe4 dxe4 14. Qxd8
Rxd8 15. Bc2 Nxe5 16. Bxe4 Be6 17. Bf4 Nd3 18. Bxd3 Rxd3 19. Be3 Rad8 20. Rfe1
h6 21. f3 R8d5 22. Kf2 Rb5 23. Re2 Ra5 24. a3 Bb3 25. Rd2 Rxd2+ 26. Bxd2 Rd5
27. Be3 f6 28. Re1 Kf7 29. Re2 a5 30. Rd2 Ke6 31. Rxd5 Kxd5 32. Bb6 a4 33. Ke3
Bc4 34. g3 Bf1 35. Bd8 Kc4 36. Kd2 Bg2 37. f4 Kd5 38. Ke3 Ke6 39. Kd4 Kf5 40.
Be7 h5 41. Bf8 g6 42. Ke3 Bh1 43. Bc5 Kg4 44. Kf2 Kf5 45. Ke3 Bd5 46. Be7 Kg4
47. Kf2 Kf5 48. Ke3 Ke6 49. Bd8 Kf5 50. Be7 Kg4 51. Kf2 g5 52. Bxf6 gxf4 53.
gxf4 Kxf4 54. Ke2 Bc4+ 55. Kd2 Ke4 1/2-1/2

[Event "EYb14, Budva YUG"]
[Site "?"]
[Date "2003.??.??"]
[Round "6"]
[White "Nestorovic, DN."]
[Black "Nepomniachtchi, I."]
[Result "1/2-1/2"]
[WhiteElo "2140"]
[BlackElo "2430"]
[PlyCount "53"]
[EventDate "2003.??.??"]

1. e4 c5 2. Nf3 d6 3. Bb5+ Nd7 4. O-O Ngf6 5. d4 cxd4 6. Qxd4 a6 7. Bxd7+ Bxd7
8. c4 e6 9. Nc3 Be7 10. b3 O-O 11. a4 Bc6 12. Ba3 Qc7 13. Rac1 e5 14. Qd3 Rfc8
15. Nd2 Qd7 16. a5 Bd8 17. b4 b6 18. b5 Bb7 19. axb6 Bxb6 20. Qxd6 Qxd6 21.
Bxd6 Rd8 22. c5 Bxc5 23. Bxc5 Rxd2 24. Be3 Rb2 25. bxa6 Bxa6 26. Rfd1 Bb7 27.
f3 1/2-1/2

[Event "EYb14, Budva YUG"]
[Site "?"]
[Date "2003.??.??"]
[Round "6"]
[White "Bitalzadeh, A."]
[Black "Lapenna, A."]
[Result "1-0"]
[WhiteElo "2180"]
[BlackElo "2045"]
[PlyCount "49"]
[EventDate "2003.??.??"]

1. e4 c5 2. Nf3 d6 3. d4 cxd4 4. Nxd4 Nf6 5. Nc3 g6 6. Be3 Bg7 7. f3 O-O 8. Bc4
Nc6 9. Qd2 Bd7 10. O-O-O Rc8 11. Bb3 Nxd4 12. Bxd4 b5 13. g4 Qa5 14. g5 Nh5 15.
Nd5 Qxd2+ 16. Rxd2 Rfe8 17. Bxa7 Be6 18. Be3 Bf8 19. Kb1 Red8 20. Rc1 Rc5 21.
Bxc5 dxc5 22. Nf6+ exf6 23. Rxd8 c4 24. a4 cxb3 25. axb5 1-0

[Event "EYb14, Budva YUG"]
[Site "?"]
[Date "2003.??.??"]
[Round "6"]
[White "Dragicevic, Draz"]
[Black "Howell, D."]
[Result "0-1"]
[WhiteElo "2050"]
[BlackElo "2320"]
[PlyCount "54"]
[EventDate "2003.??.??"]

1. e4 e5 2. Nf3 Nc6 3. Bc4 Bc5 4. c3 Nf6 5. d4 exd4 6. cxd4 Bb4+ 7. Bd2 Nxe4 8.
Bxb4 Nxb4 9. Bxf7+ Kxf7 10. Qb3+ d5 11. Qxb4 Re8 12. O-O b6 13. Nc3 c5 14. Qb3
c4 15. Qb5 Nxc3 16. bxc3 Bf5 17. Rfe1 Qd6 18. Ne5+ Kf6 19. Ng4+ Bxg4 20. Rxe8
a6 21. Qa4 b5 22. Qxb5 axb5 23. Rxa8 b4 24. h3 Bf5 25. cxb4 Qxb4 26. Ra6+ Kg5
27. Rf1 Qd2 0-1

[Event "EYb14, Budva YUG"]
[Site "?"]
[Date "2003.??.??"]
[Round "6"]
[White "Stavrianakis, I."]
[Black "Martic, N."]
[Result "0-1"]
[WhiteElo "2035"]
[BlackElo "2160"]
[PlyCount "64"]
[EventDate "2003.??.??"]

1. d4 Nf6 2. c4 c5 3. d5 b5 4. Nf3 bxc4 5. Nc3 d6 6. e4 g6 7. Bxc4 Bg7 8. e5
Ng4 9. exd6 O-O 10. h3 Nf6 11. dxe7 Qxe7+ 12. Qe2 Qb7 13. O-O Nbd7 14. Qc2 Nb6
15. Qb3 Nxc4 16. Qxc4 Qb4 17. Qd3 Bf5 18. Qd2 Rfd8 19. Rd1 Rac8 20. Ne1 Ne4 21.
Nxe4 Bxe4 22. Qxb4 cxb4 23. Bg5 Rxd5 24. Rxd5 Bxd5 25. Nd3 a5 26. Re1 Bxa2 27.
Bc1 Bc4 28. Ne5 Re8 29. f4 f6 30. Nf3 Rxe1+ 31. Nxe1 a4 32. Nc2 Bf8 0-1

[Event "EYb14, Budva YUG"]
[Site "?"]
[Date "2003.??.??"]
[Round "7"]
[White "Howell, D."]
[Black "Bronowicki, M."]
[Result "1-0"]
[WhiteElo "2320"]
[BlackElo "2145"]
[PlyCount "117"]
[EventDate "2003.??.??"]

1. e4 e6 2. d4 d5 3. e5 c5 4. c3 Qb6 5. Nf3 Nc6 6. Be2 cxd4 7. cxd4 Nh6 8. b3
Nf5 9. Bb2 Bb4+ 10. Kf1 Be7 11. Nc3 Bd7 12. Na4 Qd8 13. g3 O-O 14. Kg2 f6 15.
exf6 Bxf6 16. Nc5 b6 17. Nxd7 Qxd7 18. Qd2 Nd6 19. Bd3 Ne4 20. Qe3 Rad8 21. h4
Qd6 22. Rad1 h6 23. Rhe1 Rfe8 24. Bb1 Qe7 25. Bxe4 dxe4 26. Qxe4 Rd5 27. Rc1
Qd7 28. Rcd1 a5 29. g4 b5 30. Qg6 Ne7 31. Qe4 Nc6 32. Kh1 Qd8 33. Qg6 Ne7 34.
Qc2 Qd7 35. Kg2 Nc6 36. Re4 Rd8 37. Qe2 Re8 38. Qe3 Qe7 39. Rc1 Nd8 40. Rh1 Nf7
41. Qe2 Nd6 42. Re3 Qf7 43. Ne5 Bxe5 44. dxe5 Nb7 45. Rd1 Red8 46. Red3 Rxd3
47. Rxd3 Rxd3 48. Qxd3 Qf4 49. Qf3 Qxf3+ 50. Kxf3 Nd8 51. Ke4 Nc6 52. h5 Kf7
53. f4 Ke7 54. a4 bxa4 55. bxa4 Kd7 56. Ba3 Ke8 57. Kd3 Kf7 58. Kc4 g5 59. Bc1
1-0